000 01020nam a22001937a 4500
999 _c60366
_d60366
003 Ge_BSU
005 20230705164241.0
008 230705s1963ge xxu||||| |||| 00| 0 geo d
041 _ageo
080 _a821.411.11-13 გ-49
245 _aგილგამეშის ეპოსი /
_b აქად. თარგმ. და კომენტარები დაურთო ზ. კიკნაძემ ; თ. გამყრელიძის რედ
264 _aთბილისი :
_bსაქ. სსრ მეცნ. აკად. გამ-ბა,
_c1963.
300 _a234 გვ.
_b22 სმ.
653 _aგილგამეშის ეპოსი
700 _aკიკნაძე, ზ
_eკომენტარები დაურთო
_98082
700 _aგამყრელიძე, თ
_eრედაქტორი
_93546
710 _aსაქ. სსრ მეცნ. აკად., აღმოსავლეთმცოდნ. ინ-ტი
_913883
942 _2udc
_cBK